| 000 | 00715nam a22001337a 4500 | ||
|---|---|---|---|
| 040 | _cRUA | ||
| 082 | _aAGR THO 2017 B644 Or.1 | ||
| 100 | _aTHOEK SYKIM ធឹក សិគីម | ||
| 245 | _aeffect of soil and crop management on soil quality in rice base cropping system ឥទ្ធិពលនៃការគ្រប់គ្រងដីនិងដំណាំលើគុណភាពដីក្និងប្រពន្ធដាំដុះដំណាំដែលមានស្រូវជាមូលដ្ឋាន | ||
| 260 |
_aRUA _bPhnom penh _c2017 |
||
| 300 |
_avii;33p _bill; _c29cm |
||
| 856 | _uhttps://drive.google.com/file/d/1S70xGBXUd6QarCIgyV6oibqVuDR8Q_CE/view?usp=sharing | ||
| 942 | _cAGR | ||
| 999 |
_c18181 _d18181 |
||